000 01217nam0a2200337 4500
001 RU\NLR\BIBL_A\016301497
005 20230531163723.0
010 _a978-5-04-162831-4
_92000
021 _aRU
_bКН-П-23-004593
_9КН-П-23-0439
035 _a(NLR Aleph) 016301497
090 _a12975181
_c12975181
100 _a20230302d2023 d y0rusy50 ca
101 0 _arus
_cita
102 _aRU
105 _aa z 000ay
181 0 _ai3
_baxxe
181 0 _ab2
_bxb2e
182 0 _an
200 1 _aДевочка, приручившая Тьму
_e[для среднего школьного возраста]
_fИления Браво
_g[перевод с итальянского Л. В. Золоевой]
203 _aТекст
_bвизуальный
_cнепосредственный
210 _aМосква
_c#Эксмодетство
_cЭксмо
_d2023 (печ. 2022)
215 _a156, [3] с.
_cил.
_d21
333 _a6+
686 0 _aШ9(4Ит)62-4
700 1 _aБраво
_bИ.
_gИления
_3RU\NLR\AUTH\770256568
942 _cBOOK
980 _aNB